Land vs. Land #139 - Statistiken

Allgemein
  • Dieses Quiz wurde 16 mal gespielt
  • Das Durchschnittsergebnis liegt bei 12 aus 14
Antwortstatistiken
Frage Antwort % Korrekt
...Fläche? USA🇺🇸
93%
...Einwohner? USA🇺🇸
93%
...Militär? USA🇺🇸
93%
...Gesundheitswesen? USA🇺🇸
93%
...Exportmengen? USA🇺🇸
93%
...Gewinner? USA🇺🇸
93%
...Bruttoinlandsprodukt? USA🇺🇸
86%
...Bruttoinlandsprodukt pro Kopf? USA🇺🇸
86%
...Tourismus? USA🇺🇸
86%
...HDI (Human Development Index)? USA🇺🇸
86%
...durchschnittlicher IQ? USA🇺🇸
86%
...Lebenserwartung? USA🇺🇸
79%
...Frieden? Malaysia🇲🇾
50%
...Happy Planet Index? Malaysia🇲🇾
36%
Keine übereinstimmenden Quizze gefunden
Verteilung der Resultate
Anzahl Personen mit jedem Resultat
Perzentil nach korrekt beantworteten Fragen
Ihre Resultats-Entwicklung
Sie haben dieses Quiz noch nicht gespielt